00824nam0a2200229 4500001001800000005001700018035002600035100004100061101000800102102000700110105001600117135001800133200011000151210003600261215002200297325008800319541007800407686001200485700003300497801002800530852003600558RU\NLR\ONL1\1502520250613122229.0 a(NLR Aleph) 009643766 a20090907d1930 |||y0rusy50 ca0 amdf aRU aa ||||||||| acrgn 008anaba1 aНуфтолонь и лов алу кеди серонь алу сокамасьfС. И. Данилов aМ.cЦентриздатd1930 a36 с.cил.d201 aКопия доступна в электронной библиотеке РНБ1 aПожнивное лущение и зяблевая вспашкаzrus1 aП143.2 1aДаниловbС. И.4070 0aRUbNLRc20090907gPSBO aNLRbОНЛjМорд.м./3-714